[Event "M.Botvinnik Memorial 2012 Blitz"]
[Site "St. Petersburg"]
[Date "2012.08.24"]
[Round "3.12"]
[White "Epishin, Vladimir"]
[Black "Neverov, Valeriy"]
[Result "1/2-1/2"]
[LiveChessVersion "1.3.1"]
[BlackElo "2392"]
[WhiteElo "2576"]

1. d4 {[%clk 0:03:03]} Nf6 {[%clk 0:03:04]} 2. Nf3 {[%clk 0:03:04]} g6
{[%clk 0:03:05]} 3. c3 {[%clk 0:03:05]} Bg7 {[%clk 0:03:05]} 4. Bg5
{[%clk 0:03:06]} d6 {[%clk 0:03:07]} 5. Nbd2 {[%clk 0:03:06]} Nbd7
{[%clk 0:03:07]} 6. e4 {[%clk 0:03:07]} h6 {[%clk 0:03:08]} 7. Bh4 g5 8. Bg3
{[%clk 0:03:09]} Nh5 {[%clk 0:03:11]} 9. Qc2 {[%clk 0:03:06]} e6 {[%clk 0:03:03]}
10. O-O-O {[%clk 0:03:01]} Qe7 {[%clk 0:02:56]} 11. Kb1 {[%clk 0:02:52]} Nb6
{[%clk 0:02:53]} 12. Bb5+ {[%clk 0:02:28]} c6 {[%clk 0:02:44]} 13. Bd3
{[%clk 0:02:29]} Bd7 {[%clk 0:02:45]} 14. Rhe1 {[%clk 0:02:18]} O-O-O
{[%clk 0:02:27]} 15. Nb3 {[%clk 0:02:15]} Nxg3 {[%clk 0:02:21]} 16. hxg3
{[%clk 0:02:16]} Kb8 {[%clk 0:02:20]} 17. Na5 {[%clk 0:02:11]} Rc8
{[%clk 0:02:00]} 18. Qb3 {[%clk 0:02:07]} Rhd8 {[%clk 0:01:49]} 19. Qa3
{[%clk 0:01:42]} c5 {[%clk 0:01:31]} 20. dxc5 {[%clk 0:01:28]} Rxc5
{[%clk 0:01:22]} 21. Nd2 {[%clk 0:01:28]} Rdc8 {[%clk 0:01:13]} 22. Ndb3
{[%clk 0:01:20]} R5c7 {[%clk 0:01:12]} 23. Be2 {[%clk 0:01:18]} Be5
{[%clk 0:01:00]} 24. Nd4 {[%clk 0:01:14]} Na4 {[%clk 0:00:55]} 25. Rc1
{[%clk 0:00:36]} Qf6 {[%clk 0:00:32]} 26. Nf3 {[%clk 0:00:34]} Bxc3
{[%clk 0:00:17]} 27. Ng1 1/2-1/2

[Event "M.Botvinnik Memorial 2012 Blitz"]
[Site "St. Petersburg"]
[Date "2012.08.24"]
[Round "4.1"]
[White "Tiviakov, Sergei"]
[Black "Maletin, Pavel"]
[Result "0-1"]
[LiveChessVersion "1.3.1"]
[BlackElo "2600"]
[WhiteElo "2674"]

1. e4 {[%clk 0:03:03]} c5 {[%clk 0:03:03]} 2. c3 {[%clk 0:03:04]} Nf6
{[%clk 0:03:02]} 3. e5 {[%clk 0:03:05]} Nd5 {[%clk 0:03:03]} 4. Nf3
{[%clk 0:03:06]} d6 {[%clk 0:03:03]} 5. Na3 {[%clk 0:03:05]} e6 {[%clk 0:02:48]}
6. exd6 {[%clk 0:02:57]} Bxd6 {[%clk 0:02:46]} 7. Nc4 {[%clk 0:02:58]} Bc7
{[%clk 0:02:27]} 8. d4 {[%clk 0:02:57]} cxd4 {[%clk 0:02:17]} 9. Nxd4
{[%clk 0:02:53]} a6 {[%clk 0:02:10]} 10. Be2 {[%clk 0:02:44]} O-O
{[%clk 0:02:03]} 11. O-O {[%clk 0:02:35]} e5 {[%clk 0:01:49]} 12. Nc2
{[%clk 0:02:33]} Nc6 {[%clk 0:01:46]} 13. a4 {[%clk 0:02:08]} Be6
{[%clk 0:01:45]} 14. Re1 {[%clk 0:01:59]} Qe7 {[%clk 0:01:29]} 15. N2e3
{[%clk 0:01:47]} Nf4 {[%clk 0:01:25]} 16. Bf1 {[%clk 0:01:47]} Rad8
{[%clk 0:01:24]} 17. Qc2 {[%clk 0:01:47]} f6 {[%clk 0:01:05]} 18. Nf5
{[%clk 0:01:32]} Qd7 {[%clk 0:01:01]} 19. Nce3 {[%clk 0:01:32]} g6
{[%clk 0:00:52]} 20. Ng3 {[%clk 0:01:31]} f5 {[%clk 0:00:49]} 21. f3
{[%clk 0:00:57]} Qf7 {[%clk 0:00:50]} 22. Kh1 {[%clk 0:00:46]} Bb3
{[%clk 0:00:47]} 23. Qf2 {[%clk 0:00:40]} Bb6 {[%clk 0:00:48]} 24. Ra3
{[%clk 0:00:39]} Be6 {[%clk 0:00:45]} 25. b4 {[%clk 0:00:34]} Nd3
{[%clk 0:00:44]} 26. Bxd3 {[%clk 0:00:34]} Rxd3 {[%clk 0:00:45]} 27. Qc2
{[%clk 0:00:32]} Rfd8 {[%clk 0:00:29]} 28. Nef1 {[%clk 0:00:33]} e4
{[%clk 0:00:25]} 29. fxe4 {[%clk 0:00:18]} f4 {[%clk 0:00:26]} 30. Ne2
{[%clk 0:00:18]} f3 {[%clk 0:00:21]} 31. Nf4 {[%clk 0:00:19]} f2 {[%clk 0:00:20]}
32. Re2 {[%clk 0:00:04]} Rd1 {[%clk 0:00:20]} 33. Rxf2 {[%clk 0:00:05]} Bxf2
{[%clk 0:00:19]} 34. Qxf2 {[%clk 0:00:05]} Bc4 {[%clk 0:00:19]} 0-1

[Event "M.Botvinnik Memorial 2012 Blitz"]
[Site "St. Petersburg"]
[Date "2012.08.24"]
[Round "4.2"]
[White "Alekseev, Evgeny"]
[Black "Aleksandrov, Aleksej"]
[Result "1-0"]
[LiveChessVersion "1.3.1"]
[BlackElo "2583"]
[WhiteElo "2639"]

1. e4 {[%clk 0:03:02]} e5 {[%clk 0:03:04]} 2. Nf3 {[%clk 0:03:02]} Nc6
{[%clk 0:03:05]} 3. Bc4 {[%clk 0:03:02]} Bc5 {[%clk 0:03:06]} 4. c3
{[%clk 0:03:02]} Nf6 {[%clk 0:03:07]} 5. d3 {[%clk 0:03:03]} a6 {[%clk 0:02:56]}
6. Bb3 {[%clk 0:03:01]} d6 {[%clk 0:02:56]} 7. O-O {[%clk 0:02:59]} O-O
{[%clk 0:02:57]} 8. h3 {[%clk 0:02:52]} h6 {[%clk 0:02:53]} 9. Re1
{[%clk 0:02:48]} Re8 {[%clk 0:02:54]} 10. Nbd2 {[%clk 0:02:47]} Be6
{[%clk 0:02:52]} 11. Nf1 {[%clk 0:02:43]} Bxb3 {[%clk 0:02:52]} 12. Qxb3
{[%clk 0:02:42]} Rb8 {[%clk 0:02:52]} 13. Be3 {[%clk 0:02:31]} Bxe3
{[%clk 0:02:29]} 14. Nxe3 {[%clk 0:02:31]} Qd7 {[%clk 0:02:30]} 15. Rad1
{[%clk 0:02:30]} Ne7 {[%clk 0:02:20]} 16. Nh2 {[%clk 0:02:17]} Ng6
{[%clk 0:01:53]} 17. Nhg4 {[%clk 0:02:17]} Nxg4 {[%clk 0:01:53]} 18. hxg4
{[%clk 0:02:17]} c6 {[%clk 0:01:48]} 19. f3 {[%clk 0:02:07]} Qe6 {[%clk 0:01:40]}
20. d4 {[%clk 0:02:01]} exd4 {[%clk 0:01:36]} 21. cxd4 {[%clk 0:01:26]} Qxb3
{[%clk 0:01:27]} 22. axb3 {[%clk 0:01:27]} Ne7 {[%clk 0:01:21]} 23. Kf2
{[%clk 0:01:11]} Kf8 {[%clk 0:01:19]} 24. b4 {[%clk 0:01:11]} d5 {[%clk 0:01:18]}
25. e5 {[%clk 0:01:09]} Ra8 {[%clk 0:01:16]} 26. Ra1 {[%clk 0:01:08]} Ra7
{[%clk 0:01:14]} 27. f4 {[%clk 0:01:06]} Rea8 {[%clk 0:01:13]} 28. Ra5
{[%clk 0:00:58]} f6 {[%clk 0:01:07]} 29. Nf5 {[%clk 0:00:52]} Nxf5
{[%clk 0:01:06]} 30. gxf5 {[%clk 0:00:53]} Re8 {[%clk 0:01:05]} 31. Kf3
{[%clk 0:00:49]} Raa8 {[%clk 0:01:02]} 32. Kg4 {[%clk 0:00:49]} Kf7
{[%clk 0:00:56]} 33. Kh5 {[%clk 0:00:49]} Re7 {[%clk 0:00:57]} 34. Ra3
{[%clk 0:00:47]} Rg8 {[%clk 0:00:54]} 35. Rg3 {[%clk 0:00:43]} Rge8
{[%clk 0:00:51]} 36. Rh1 {[%clk 0:00:40]} Ra8 {[%clk 0:00:48]} 37. Rh4
{[%clk 0:00:40]} a5 38. Rhg4 Kf8 39. exf6 Rf7 {[%clk 0:00:30]} 40. Rxg7
{[%clk 0:00:35]} Rxg7 {[%clk 0:00:32]} 41. fxg7+ {[%clk 0:00:34]} 1-0

[Event "M.Botvinnik Memorial 2012 Blitz"]
[Site "St. Petersburg"]
[Date "2012.08.24"]
[Round "4.3"]
[White "Maslak, Konstantin"]
[Black "Grigoryan, Avetik"]
[Result "1-0"]
[LiveChessVersion "1.3.1"]
[BlackElo "2626"]
[WhiteElo "2566"]

1. e4 {[%clk 0:03:03]} e6 {[%clk 0:03:04]} 2. d4 {[%clk 0:03:03]} d5
{[%clk 0:03:05]} 3. Nd2 {[%clk 0:03:05]} Nc6 {[%clk 0:03:06]} 4. Ngf3
{[%clk 0:03:03]} Nf6 {[%clk 0:03:07]} 5. e5 {[%clk 0:03:01]} Nd7 {[%clk 0:03:09]}
6. Bb5 {[%clk 0:03:01]} a6 {[%clk 0:03:00]} 7. Bxc6 {[%clk 0:03:02]} bxc6
{[%clk 0:03:01]} 8. c4 {[%clk 0:02:47]} c5 {[%clk 0:02:36]} 9. cxd5
{[%clk 0:02:45]} exd5 {[%clk 0:02:37]} 10. O-O {[%clk 0:02:43]} Be7
{[%clk 0:02:36]} 11. Nb3 {[%clk 0:02:23]} O-O {[%clk 0:02:06]} 12. Na5
{[%clk 0:02:01]} Nb8 {[%clk 0:02:06]} 13. dxc5 {[%clk 0:01:48]} Bxc5
{[%clk 0:01:57]} 14. Bg5 {[%clk 0:01:46]} Qd7 {[%clk 0:01:54]} 15. Rc1
{[%clk 0:01:45]} Bb6 {[%clk 0:01:53]} 16. Nb3 {[%clk 0:01:46]} Qb5
{[%clk 0:00:49]} 17. Qd2 {[%clk 0:01:26]} Be6 {[%clk 0:00:36]} 18. Nfd4
{[%clk 0:01:01]} Qe8 {[%clk 0:00:37]} 19. Nc5 {[%clk 0:00:56]} a5
{[%clk 0:00:39]} 20. f4 {[%clk 0:00:41]} Na6 {[%clk 0:00:38]} 21. Nxa6
{[%clk 0:00:17]} Rxa6 {[%clk 0:00:24]} 22. Kh1 {[%clk 0:00:13]} c5
{[%clk 0:00:22]} 23. Ne2 {[%clk 0:00:09]} Qd7 {[%clk 0:00:17]} 24. Ng3
{[%clk 0:00:09]} d4 {[%clk 0:00:10]} 25. f5 {[%clk 0:00:10]} Bxa2
{[%clk 0:00:09]} 26. Nh5 {[%clk 0:00:07]} c4 {[%clk 0:00:07]} 27. Nxg7
{[%clk 0:00:07]} Ba7 {[%clk 0:00:05]} 28. Nh5 {[%clk 0:00:08]} Kh8
{[%clk 0:00:06]} 29. Bf6+ {[%clk 0:00:09]} Rxf6 {[%clk 0:00:07]} 30. Nxf6
{[%clk 0:00:10]} Qe7 {[%clk 0:00:04]} 31. Qh6 {[%clk 0:00:11]} 1-0

[Event "M.Botvinnik Memorial 2012 Blitz"]
[Site "St. Petersburg"]
[Date "2012.08.24"]
[Round "4.4"]
[White "Pridorozhni, Aleksei"]
[Black "Lysyj, Igor"]
[Result "1-0"]
[LiveChessVersion "1.3.1"]
[BlackElo "2604"]
[WhiteElo "2542"]

1. e4 {[%clk 0:03:02]} e6 {[%clk 0:03:04]} 2. Qe2 {[%clk 0:03:03]} d5
{[%clk 0:03:02]} 3. exd5 {[%clk 0:03:04]} Qxd5 {[%clk 0:03:03]} 4. Nc3
{[%clk 0:03:04]} Qd8 {[%clk 0:03:03]} 5. Qf3 {[%clk 0:03:03]} c5 {[%clk 0:03:00]}
6. Bb5+ {[%clk 0:02:58]} Nd7 {[%clk 0:03:00]} 7. Nge2 {[%clk 0:02:53]} Ngf6
{[%clk 0:03:00]} 8. O-O {[%clk 0:02:52]} a6 {[%clk 0:02:59]} 9. Bxd7+
{[%clk 0:02:52]} Qxd7 {[%clk 0:02:59]} 10. a4 {[%clk 0:02:36]} Be7
{[%clk 0:02:49]} 11. a5 {[%clk 0:02:34]} O-O {[%clk 0:02:37]} 12. d3
{[%clk 0:02:34]} e5 {[%clk 0:01:58]} 13. Bg5 {[%clk 0:02:27]} Qg4
{[%clk 0:01:56]} 14. Qxg4 {[%clk 0:02:07]} Bxg4 {[%clk 0:01:56]} 15. Ng3
{[%clk 0:02:07]} Rac8 {[%clk 0:01:50]} 16. Rfe1 {[%clk 0:02:05]} Bd6
{[%clk 0:01:45]} 17. Bxf6 {[%clk 0:01:58]} gxf6 {[%clk 0:01:46]} 18. Nge4
{[%clk 0:01:56]} 1-0

[Event "M.Botvinnik Memorial 2012 Blitz"]
[Site "St. Petersburg"]
[Date "2012.08.24"]
[Round "4.5"]
[White "Belozerov, Andrei"]
[Black "Kovalenko, Igor"]
[Result "0-1"]
[LiveChessVersion "1.3.1"]
[BlackElo "2650"]
[WhiteElo "2504"]

1. d4 {[%clk 0:03:02]} Nf6 {[%clk 0:03:03]} 2. c4 {[%clk 0:03:03]} e6
{[%clk 0:03:04]} 3. g3 {[%clk 0:03:04]} d5 {[%clk 0:03:04]} 4. Nf3
{[%clk 0:03:05]} Bb4+ {[%clk 0:03:05]} 5. Bd2 {[%clk 0:03:05]} Be7
{[%clk 0:03:07]} 6. Bg2 {[%clk 0:03:06]} O-O {[%clk 0:03:07]} 7. O-O
{[%clk 0:03:03]} Nbd7 {[%clk 0:03:09]} 8. Qc2 c6 9. Rd1 {[%clk 0:02:56]} b6
{[%clk 0:03:11]} 10. Bf4 {[%clk 0:02:49]} h6 {[%clk 0:02:59]} 11. Nbd2
{[%clk 0:02:16]} Bb7 {[%clk 0:03:00]} 12. e4 {[%clk 0:02:13]} Rc8
{[%clk 0:03:00]} 13. e5 {[%clk 0:02:04]} Ne8 {[%clk 0:03:01]} 14. cxd5
{[%clk 0:01:41]} cxd5 {[%clk 0:03:01]} 15. Qb3 {[%clk 0:01:35]} Nc7
{[%clk 0:02:53]} 16. Bf1 {[%clk 0:01:36]} Ba6 {[%clk 0:02:28]} 17. Rac1
{[%clk 0:01:37]} Bxf1 {[%clk 0:02:28]} 18. Nxf1 {[%clk 0:01:38]} b5
{[%clk 0:02:18]} 19. Qd3 {[%clk 0:01:27]} Nb6 {[%clk 0:02:15]} 20. b3
{[%clk 0:01:27]} Qd7 {[%clk 0:02:10]} 21. Rc2 {[%clk 0:01:27]} Na6
{[%clk 0:02:11]} 22. Rxc8 {[%clk 0:01:13]} Rxc8 {[%clk 0:02:12]} 23. Rc1
{[%clk 0:01:14]} Rxc1 {[%clk 0:02:08]} 24. Bxc1 {[%clk 0:01:15]} Nb4
{[%clk 0:02:02]} 25. Qe2 {[%clk 0:01:13]} a6 {[%clk 0:02:04]} 26. Ne3
{[%clk 0:00:56]} Qc7 {[%clk 0:01:35]} 27. Ba3 {[%clk 0:00:52]} Nc8
{[%clk 0:01:35]} 28. Qd2 {[%clk 0:00:41]} Nc6 {[%clk 0:01:36]} 29. Bxe7
{[%clk 0:00:39]} N8xe7 {[%clk 0:01:37]} 30. Qc3 {[%clk 0:00:39]} Qb6
{[%clk 0:01:32]} 31. Kg2 {[%clk 0:00:34]} b4 {[%clk 0:01:29]} 32. Qd3
{[%clk 0:00:34]} Qa5 {[%clk 0:01:30]} 33. Qc2 {[%clk 0:00:35]} Qb5
{[%clk 0:01:31]} 34. h4 {[%clk 0:00:29]} Qb6 {[%clk 0:01:14]} 35. Qd2
{[%clk 0:00:29]} Kf8 {[%clk 0:01:11]} 36. h5 Ke8 37. g4 {[%clk 0:00:31]} Kd7
{[%clk 0:01:13]} 38. Nc2 {[%clk 0:00:29]} a5 {[%clk 0:01:02]} 39. Nce1
{[%clk 0:00:28]} Nc8 {[%clk 0:00:55]} 40. Qf4 {[%clk 0:00:27]} Nd8
{[%clk 0:00:51]} 41. Nd3 {[%clk 0:00:28]} Ne7 {[%clk 0:00:48]} 42. Nc5+
{[%clk 0:00:28]} Ke8 {[%clk 0:00:47]} 43. Qe3 {[%clk 0:00:23]} Qb5
{[%clk 0:00:47]} 44. Qd3 {[%clk 0:00:17]} Qxd3 {[%clk 0:00:48]} 45. Nxd3
{[%clk 0:00:18]} Nb7 {[%clk 0:00:48]} 46. Kg3 {[%clk 0:00:18]} Kd7
{[%clk 0:00:44]} 47. Kf4 {[%clk 0:00:19]} Kc6 {[%clk 0:00:44]} 48. Ke3
{[%clk 0:00:20]} Kb5 {[%clk 0:00:45]} 49. Nd2 {[%clk 0:00:18]} a4
{[%clk 0:00:46]} 50. f4 {[%clk 0:00:18]} a3 {[%clk 0:00:46]} 51. Nf1
{[%clk 0:00:14]} Na5 {[%clk 0:00:45]} 52. Nc1 {[%clk 0:00:14]} Nac6
{[%clk 0:00:45]} 53. Nd3 {[%clk 0:00:13]} Ka5 {[%clk 0:00:46]} 54. Nc1
{[%clk 0:00:08]} Na7 {[%clk 0:00:46]} 55. Ne2 {[%clk 0:00:08]} Nb5
{[%clk 0:00:47]} 56. Kd3 {[%clk 0:00:10]} Kb6 {[%clk 0:00:48]} 57. Ne3
{[%clk 0:00:11]} Kc7 {[%clk 0:00:48]} 58. f5 {[%clk 0:00:12]} Kd7
{[%clk 0:00:49]} 59. Nf4 {[%clk 0:00:11]} Nc6 {[%clk 0:00:50]} 60. Nc2
{[%clk 0:00:08]} exf5 {[%clk 0:00:48]} 61. gxf5 {[%clk 0:00:09]} Nc3
{[%clk 0:00:50]} 62. e6+ {[%clk 0:00:04]} Ke7 {[%clk 0:00:50]} 63. Nxb4
{[%clk 0:00:04]} Nxb4+ {[%clk 0:00:51]} 64. Kxc3 {[%clk 0:00:05]} Nxa2+ 65. Kd2
Nb4 {[%clk 0:00:53]} 66. Kc3 {[%clk 0:00:08]} a2 67. Kb2 fxe6 {[%clk 0:00:53]}
68. fxe6 {[%clk 0:00:11]} a1=Q+ {[%clk 0:00:52]} 69. Kxa1 {[%clk 0:00:12]} Nc2+
{[%clk 0:00:53]} 70. Kb2 {[%clk 0:00:13]} Nxd4 {[%clk 0:00:55]} 71. Nxd5+
{[%clk 0:00:14]} Kxe6 {[%clk 0:00:56]} 72. Nf4+ {[%clk 0:00:15]} Kf5
{[%clk 0:00:58]} 73. Nd5 {[%clk 0:00:16]} Kg5 {[%clk 0:00:59]} 74. Kc3
{[%clk 0:00:17]} Nc6 {[%clk 0:00:55]} 75. b4 {[%clk 0:00:18]} Kxh5
{[%clk 0:00:53]} 76. b5 {[%clk 0:00:20]} Nd8 {[%clk 0:00:54]} 77. b6
{[%clk 0:00:20]} g5 {[%clk 0:00:55]} 78. Kd4 {[%clk 0:00:21]} g4 {[%clk 0:00:57]}
79. Ke5 {[%clk 0:00:21]} g3 {[%clk 0:00:57]} 80. Nf4+ {[%clk 0:00:22]} Kg4
{[%clk 0:00:58]} 81. Ne6 {[%clk 0:00:19]} Nb7 {[%clk 0:00:59]} 82. Nd4
{[%clk 0:00:09]} h5 {[%clk 0:01:00]} 83. Ke4 {[%clk 0:00:09]} h4 {[%clk 0:01:01]}
84. Ke3 {[%clk 0:00:10]} h3 {[%clk 0:01:01]} 0-1

[Event "M.Botvinnik Memorial 2012 Blitz"]
[Site "St. Petersburg"]
[Date "2012.08.24"]
[Round "4.6"]
[White "Ovetchkin, Roman"]
[Black "Zvjaginsev, Vadim"]
[Result "1/2-1/2"]
[LiveChessVersion "1.3.1"]
[BlackElo "2671"]
[WhiteElo "2525"]

1. Nf3 {[%clk 0:03:02]} c5 {[%clk 0:03:00]} 2. c4 {[%clk 0:03:03]} Nc6
{[%clk 0:02:56]} 3. Nc3 {[%clk 0:03:03]} Nf6 {[%clk 0:02:54]} 4. g3
{[%clk 0:03:00]} d6 {[%clk 0:02:47]} 5. d4 {[%clk 0:02:56]} cxd4 {[%clk 0:02:46]}
6. Nxd4 {[%clk 0:02:57]} g6 {[%clk 0:02:47]} 7. Bg2 {[%clk 0:02:57]} Bd7
{[%clk 0:02:48]} 8. O-O {[%clk 0:02:46]} Bg7 {[%clk 0:02:48]} 9. Nxc6
{[%clk 0:02:44]} Bxc6 {[%clk 0:02:48]} 10. e4 {[%clk 0:02:45]} O-O
{[%clk 0:02:46]} 11. Be3 {[%clk 0:02:41]} a6 {[%clk 0:02:46]} 12. Rc1
{[%clk 0:02:36]} Rc8 {[%clk 0:02:47]} 13. b4 {[%clk 0:02:15]} b5 {[%clk 0:02:37]}
14. c5 {[%clk 0:02:14]} dxc5 {[%clk 0:02:19]} 15. Bxc5 {[%clk 0:02:03]} Nd7
{[%clk 0:02:16]} 16. Bd4 {[%clk 0:01:17]} Ne5 {[%clk 0:02:16]} 17. Kh1
{[%clk 0:01:18]} Nc4 {[%clk 0:01:45]} 18. Bxg7 {[%clk 0:01:16]} Kxg7
{[%clk 0:01:46]} 19. Qe2 {[%clk 0:01:12]} Qd2 {[%clk 0:01:35]} 20. Rfd1
{[%clk 0:00:50]} Qxe2 {[%clk 0:01:31]} 21. Nxe2 {[%clk 0:00:51]} Rfd8
{[%clk 0:01:25]} 22. Kg1 {[%clk 0:00:45]} Ra8 {[%clk 0:00:52]} 23. Nf4
{[%clk 0:00:31]} Rxd1+ {[%clk 0:00:45]} 24. Rxd1 {[%clk 0:00:32]} a5
{[%clk 0:00:46]} 25. Nd3 {[%clk 0:00:25]} Rd8 {[%clk 0:00:24]} 26. bxa5
{[%clk 0:00:13]} Nxa5 {[%clk 0:00:25]} 27. Nb2 {[%clk 0:00:11]} Rxd1+
{[%clk 0:00:18]} 28. Nxd1 {[%clk 0:00:13]} b4 {[%clk 0:00:19]} 29. Ne3
{[%clk 0:00:13]} b3 {[%clk 0:00:10]} 1/2-1/2

[Event "M.Botvinnik Memorial 2012 Blitz"]
[Site "St. Petersburg"]
[Date "2012.08.24"]
[Round "4.7"]
[White "Matlakov, Maxim"]
[Black "Kharchenko, Boris"]
[Result "1-0"]
[LiveChessVersion "1.3.1"]
[BlackElo "2498"]
[WhiteElo "2663"]

1. c4 c6 2. Nf3 d5 3. e3 Nf6 4. Nc3 Bf5 5. Qb3 Qb6 6. Qxb6 axb6 7. cxd5 Nxd5 8.
Nxd5 cxd5 9. d4 Nc6 10. Bd2 e6 11. Bb5 f6 12. Ke2 Bd6 13. Rhc1 Kd7 14. h3 g5 15.
Rc3 h5 16. a3 Rac8 17. Rac1 g4 18. hxg4 hxg4 19. Ne1 e5 20. dxe5 fxe5 21. Rb3 Bc5
22. Bb4 Kd6 23. Bd2 Na5 24. Rbc3 d4 25. exd4 Bxd4 26. Rxc8 Rxc8 27. Bb4+ Kd5 28.
Rd1 Nc6 29. Bc3 Ke6 30. Bxc6 Rxc6 31. Bxd4 exd4 32. Rxd4 Ke5 33. Rd2 Rc5 34. g3
b5 35. f4+ gxf3+ 36. Nxf3+ Kf6 37. Ke3 Rc4 38. Nd4 Bd7 39. Rf2+ Kg6 40. Ke4 b4
41. axb4 Rxb4 42. Ke5 Kg5 43. Rd2 Be8 44. Ne2 Kg4 45. Kd6 Bb5 46. Kc5 Rb3 47. Nd4
Rd3 48. Kc4 1-0

[Event "M.Botvinnik Memorial 2012 Blitz"]
[Site "St. Petersburg"]
[Date "2012.08.24"]
[Round "4.8"]
[White "Khismatullin, Denis"]
[Black "Gordievsky, Dmitry"]
[Result "1-0"]
[LiveChessVersion "1.3.1"]
[BlackElo "2380"]
[WhiteElo "2607"]

1. d4 Nf6 2. c4 e6 3. Nf3 d5 4. Nc3 Bb4 5. cxd5 exd5 6. Bg5 Nbd7 7. Qc2 c5 8. g3
h6 9. Be3 O-O 10. Bg2 Ng4 11. Bd2 cxd4 12. Nxd5 Bxd2+ 13. Qxd2 d3 14. Qxd3 Nde5
15. Nxe5 Nxe5 16. Qc3 Nc6 17. O-O Bg4 18. Rfe1 Rc8 19. Rad1 Qg5 20. h3 Be6 21.
Qa3 Qh5 22. Nf4 Qe5 23. e3 a6 24. Rc1 Bd7 25. Red1 Rfd8 26. Nd3 Qh5 27. Qc5 Qg6
28. Qb6 Rb8 29. Nf4 Qf6 30. Rd2 Be8 31. Nd5 Qe5 32. Rcd1 Kh8 33. Kh2 h5 34. f4
Qe6 35. e4 h4 36. gxh4 Qd6 37. Qf2 Qh6 38. Qg3 Bd7 39. Qg5 Qd6 40. Nb6 Qc7 41.
Nxd7 f6 42. Qh5+ Kg8 43. e5 fxe5 44. Bd5# 1-0

[Event "M.Botvinnik Memorial 2012 Blitz"]
[Site "St. Petersburg"]
[Date "2012.08.24"]
[Round "4.9"]
[White "Neverov, Valeriy"]
[Black "Ponkratov, Pavel"]
[Result "1-0"]
[LiveChessVersion "1.3.1"]
[BlackElo "2587"]
[WhiteElo "2392"]

1. d4 Nf6 2. c4 e6 3. Nc3 Bb4 4. e3 Bxc3+ 5. bxc3 Qe7 6. Bd3 e5 7. Ne2 d6 8. O-O
O-O 9. Ng3 c5 10. d5 e4 11. Bc2 Nbd7 12. f3 Ne5 13. Nxe4 Nxe4 14. Bxe4 f5 15. Bc2
Nxc4 16. Qe2 Ne5 17. c4 b6 18. f4 Ng4 19. h3 Nf6 20. Bb2 Ne4 21. Kh2 Ba6 22. g4
fxg4 23. Qxg4 Nf6 24. Qh4 Qxe3 25. Rg1 g6 26. Bxf6 Rae8 27. Rxg6+ 1-0

[Event "M.Botvinnik Memorial 2012 Blitz"]
[Site "St. Petersburg"]
[Date "2012.08.24"]
[Round "4.10"]
[White "Kabanov, Nikolai"]
[Black "Epishin, Vladimir"]
[Result "1/2-1/2"]
[LiveChessVersion "1.3.1"]
[BlackElo "2576"]
[WhiteElo "2444"]

1. e4 c5 2. Nf3 a6 3. c3 e6 4. d4 d5 5. e5 Nc6 6. Be2 Bd7 7. O-O Rc8 8. a3 Nge7
9. b4 cxd4 10. cxd4 Nf5 11. Bb2 Be7 12. Bd3 O-O 13. Nbd2 a5 14. b5 Na7 15. a4 Bb4
16. Nb3 b6 17. Rc1 Qe7 18. Rxc8 Rxc8 19. Qb1 h6 20. Rc1 Nh4 21. Nxh4 Qxh4 22.
Rxc8+ Nxc8 23. Qc1 Qd8 24. Ba3 Bxa3 25. Qxa3 Qc7 26. Qc1 Qxc1+ 27. Nxc1 f6 28. f4
Ne7 29. Nb3 Be8 30. Kf2 Bh5 31. Ke1 Kf7 32. h3 g5 33. exf6 Kxf6 34. fxg5+ hxg5
35. Kd2 Bf7 36. Ke3 Be8 37. Nd2 1/2-1/2

[Event "M.Botvinnik Memorial 2012 Blitz"]
[Site "St. Petersburg"]
[Date "2012.08.24"]
[Round "4.11"]
[White "Dvoirys, Semen I."]
[Black "Cherniaev, Alexander"]
[Result "1/2-1/2"]
[LiveChessVersion "1.3.1"]
[BlackElo "2486"]
[WhiteElo "2545"]

1. c4 e5 2. Nc3 Nf6 3. g3 Bb4 4. Bg2 O-O 5. Nf3 Bxc3 6. bxc3 d6 7. O-O Nbd7 8. d3
c6 9. Ba3 Qc7 10. Nd2 Re8 11. Rb1 b6 12. Re1 d5 13. cxd5 cxd5 14. c4 Bb7 15. Rc1
d4 16. Nf3 Nc5 17. e4 dxe3 18. Rxe3 e4 19. dxe4 Rxe4 20. Rxe4 Bxe4 21. Qf1 Rd8
22. Ne1 Bxg2 23. Nxg2 Qc6 24. Nf4 h6 25. Rd1 Re8 26. Nd5 Ng4 27. h3 Ne5 28. Bb2
f6 1/2-1/2

[Event "M.Botvinnik Memorial 2012 Blitz"]
[Site "St. Petersburg"]
[Date "2012.08.24"]
[Round "4.12"]
[White "Romanko, Marina"]
[Black "Inarkiev, Ernesto"]
[Result "0-1"]
[LiveChessVersion "1.3.1"]
[BlackElo "2683"]
[WhiteElo "2399"]

1. d4 {[%clk 0:03:03]} g6 {[%clk 0:03:03]} 2. Nf3 {[%clk 0:03:00]} Bg7
{[%clk 0:03:03]} 3. g3 {[%clk 0:02:58]} c5 {[%clk 0:02:54]} 4. d5
{[%clk 0:02:57]} b5 {[%clk 0:02:49]} 5. Bg2 {[%clk 0:02:56]} d6 {[%clk 0:02:50]}
6. O-O {[%clk 0:02:55]} Nd7 {[%clk 0:02:49]} 7. a4 {[%clk 0:02:43]} b4
{[%clk 0:02:48]} 8. Nbd2 {[%clk 0:02:41]} Ba6 {[%clk 0:02:38]} 9. Re1
{[%clk 0:02:21]} Ngf6 {[%clk 0:02:29]} 10. e4 {[%clk 0:02:13]} Qc7
{[%clk 0:02:26]} 11. Rb1 {[%clk 0:01:56]} O-O {[%clk 0:02:18]} 12. b3
{[%clk 0:01:56]} e6 {[%clk 0:02:13]} 13. dxe6 {[%clk 0:01:38]} fxe6
{[%clk 0:02:13]} 14. e5 {[%clk 0:01:19]} dxe5 {[%clk 0:01:49]} 15. Ng5
{[%clk 0:01:15]} Rae8 {[%clk 0:01:50]} 16. Nc4 {[%clk 0:00:57]} h6
{[%clk 0:01:22]} 17. Ne4 {[%clk 0:00:49]} Nd5 {[%clk 0:01:07]} 18. Qg4
{[%clk 0:00:34]} Kh7 {[%clk 0:00:58]} 19. Ned6 {[%clk 0:00:29]} N7f6
{[%clk 0:00:47]} 20. Nxe8 {[%clk 0:00:27]} Rxe8 {[%clk 0:00:47]} 21. Qh3
{[%clk 0:00:17]} Nc3 {[%clk 0:00:47]} 22. Ra1 {[%clk 0:00:18]} e4
{[%clk 0:00:45]} 23. Bf4 {[%clk 0:00:19]} e5 {[%clk 0:00:33]} 24. Bg5
{[%clk 0:00:10]} Nh5 {[%clk 0:00:33]} 25. Bd2 {[%clk 0:00:08]} Bc8
{[%clk 0:00:32]} 26. Qh4 {[%clk 0:00:08]} Bf6 {[%clk 0:00:29]} 0-1